000 00565nam a22001817a 4500
003 UA-OsUOA
001 16695
007 ta
008 20040119b un ||||| |||| 00| 0 ukr d
100 _aКоренець Н.
942 _cSA
040 _aUA-OsUOA
_cUA-OsUOA
_dUA-OsUOA
245 _aСПТУ-12 - кузня робітничих кадрів для РАЕС
_b[м.Кузнецовськ]
300 _aС.3
955 _a0
773 0 _w0
_tЕнергія
_dКузнецовськ
_d2003
_g№46/28 листоп./
650 7 _aКраєзнавча робота
_2UDC
999 _c302860
_d302860